Fuzzy logic : Einführung in theorie und anwendungen /

Gespeichert in:
Bibliographische Detailangaben
1. Verfasser: Bothe, Hans-Hendrich (Verfasst von)
Format: Buch
Sprache:Deutsch
Veröffentlicht: Berlin : Springer Verlag, 1993
Ausgabe:1.vyd.
Schlagworte:
Tags: Tag hinzufügen
Keine Tags, Fügen Sie das erste Tag hinzu!

MARC

LEADER 00000nam a22000003a 4500
001 stu4923
005 20150617225621.5
008 931206s1993----gw------------------ger-d
020 |a 3-540-56166-8 
040 |a STU  |b slo 
041 0 |a ger 
044 |a gw 
080 |a 681.32.05 
080 |a 519.711 
080 |a 519.65 
100 1 |a Bothe, Hans-Hendrich  |4 aut 
245 1 |a Fuzzy logic :  |b Einführung in theorie und anwendungen /  |c [aut.] Bothe,Hans-Hendrich 
250 |a 1.vyd. 
260 |a Berlin :  |b Springer Verlag,  |c 1993 
300 |a 225 s 
650 7 |a matematická logika  |2 stusub 
650 7 |a fuzzy logiky  |2 stusub 
650 7 |a spracovanie dát  |2 stusub 
650 7 |a fuzzy riadenie  |2 stusub 
650 7 |a fuzzy systémy  |2 stusub 
996 |c I*13UI4779  |l I  |s A  |a 24  |w stu4923_0001